000 00570nam a22002057a 4500
003 UA-OsUOA
001 69312
007 ta
008 20100615b un ||||| |||| 00| 0 ukr d
100 _aГудков Л.Д.
090 _bГ93
942 _cSA
040 _aUA-OsUOA
_brus
_cUA-OsUOA
_dUA-OsUOA
245 _aЕсть ли основания у теоретической социологии в России?
300 _aС.104-126
955 _a0
041 _arus
773 0 _w69311
_tСоциологический журнал
_dМ.
_d2010
_g1
650 7 _2UDC
999 _c355680
_d355680